Canadian Territories/Provinces Quiz: Basic Knowledge - Statistics

General Stats
  • This quiz has been taken 449 times
  • The average score is 12 of 15
Answer Stats
Question Answer % Correct
Which Canadian territory/province contains the biggest Canadian city, Toronto? Ontario
100%
What is the smallest Canadian territory/province? Prince Edward Island
94%
Where is Vancouver? British Columbia
89%
Which territory/province speaks a majority of French? Quebec
89%
What is the capital of Newfoundland? St. John's
89%
How many territories are there? 3
83%
What province is Montreal in? Quebec
83%
Which is a territory? Yukon
83%
How many provinces are there? 10
78%
Which territory/province borders Alaska? British Columbia
78%
Where is Canada's capital, Ottawa? Ontario
78%
What is the capital of Prince Edward Island? Charlottetown
61%
Which of these have the lowest population? Nunavut
56%
What is the biggest Canadian territory/province? Nunavut
50%
Which of these cities have hosted the Olympics before? Calgary
44%
No matching quizzes found
Score Distribution
Percent of People with Each Score
Percentile by Number Answered
Your Score History
You have not taken this quiz